Macro/ (Record no. 36339)
[ view plain ]
| 000 -LEADER | |
|---|---|
| fixed length control field | 00626nam a22002297a 4500 |
| 005 - DATE AND TIME OF LATEST TRANSACTION | |
| control field | 20240808111429.0 |
| 008 - FIXED-LENGTH DATA ELEMENTS--GENERAL INFORMATION | |
| fixed length control field | 240808b |||||||| |||| 00| 0 eng d |
| 020 ## - INTERNATIONAL STANDARD BOOK NUMBER | |
| ISBN | 9780170248518 |
| 082 ## - DEWEY DECIMAL CLASSIFICATION NUMBER | |
| Classification number | 339 |
| Item number | STO-M |
| 100 ## - MAIN ENTRY--AUTHOR | |
| Author Name | Stonecash, Robin |
| 245 ## - TITLE STATEMENT | |
| Title | Macro/ |
| Remainder of title | Principles of Macro Economics/ |
| Statement of responsibility, etc. | Robin Stonecash |
| 250 ## - EDITION STATEMENT | |
| Edition statement | 6th ed. |
| 260 ## - PUBLICATION, DISTRIBUTION, ETC. | |
| Place of Publication | Australia; |
| Name of publisher, distributor, etc. | Cengage Learning; |
| Date of publication, distribution, etc. | 2015. |
| 300 ## - PHYSICAL DESCRIPTION | |
| Pages | xxx, 506 p.: |
| 500 ## - GENERAL NOTE | |
| General note | Includes Index. |
| 650 ## - SUBJECT ADDED ENTRY--TOPICAL TERM | |
| Subject / Department | Social Sciences/ Macro |
| 700 ## - ADDED ENTRY--PERSONAL NAME | |
| Personal name | Jan Libich |
| 700 ## - ADDED ENTRY--PERSONAL NAME | |
| Personal name | Joshua Gans |
| 700 ## - ADDED ENTRY--PERSONAL NAME | |
| Personal name | Stephen King |
| 700 ## - ADDED ENTRY--PERSONAL NAME | |
| Personal name | Martin Byford |
| 300 ## - PHYSICAL DESCRIPTION | |
| -- | ill; |
| -- | 25 cm. |
| 952 ## - LOCATION AND ITEM INFORMATION (KOHA) | |
| -- | 0 |
| -- | 0 |
| Lost status | Damaged status | Collection code | Permanent Location | Current Location | Shelving Location | Date acquired | Full Call Number | Accession No./Barcode | Date last seen | item type | Koha item type |
|---|---|---|---|---|---|---|---|---|---|---|---|
| Economics/Commerce | Superior Information Resource Center (SIRC) Superior University - City Campus | Superior Information Resource Center (SIRC) Superior University - City Campus | Economics | 08/08/2024 | 339 STON-M 2015 | 14761 | 08/08/2024 | BOOK | BOOK |
